000 00460nam a2200157Ia 4500
008 151213s9999 xx 000 0 und d
100 _aRoman G. Hiebing Jr. & Scott W. Couper .
245 _aThe Successful Marketing Plan
_cRoman G. Hiebing Jr. & Scott W. Couper .
250 _aBuet
260 _aU S A
_bN T C
300 _a2961 p.
650 _aMarketing
650 _aMarketing
700 _aRoman G. Hiebing Jr. & Scott W. Couper .
999 _c2048
_d2048